| 000 | 00390nam a22001697a 4500 | ||
|---|---|---|---|
| 003 | OSt | ||
| 005 | 20211103161849.0 | ||
| 008 | 211103b |||||||| |||| 00| 0 eng d | ||
| 020 | _a067315985.X | ||
| 040 | _cHU | ||
| 082 | _a338.5/RUF | ||
| 100 |
_aRUFFIN.ROY J _916818 |
||
| 245 | _aMODERN PRICE THEORY . | ||
| 260 |
_aLONDON _bBOSTON _c1988 |
||
| 300 | _a523 | ||
| 942 |
_2ddc _cBOOKS _n0 |
||
| 999 |
_c16570 _d16570 |
||